Normal view
MARC view
- V.K. Jain
Entry Personal Name
001 - CONTROL NUMBER
- control field: 29539
003 - CONTROL NUMBER IDENTIFIER
- control field: NUST
005 - DATE AND TIME OF LATEST TRANSACTION
- control field: 20200827141929.0
008 - FIXED-LENGTH DATA ELEMENTS
- fixed length control field: 200827|| aca||aabn | a|a d
040 ## - CATALOGING SOURCE
- Original cataloging agency: NUST
- Transcribing agency: NUST
100 ## - HEADING--PERSONAL NAME
- Personal name: V.K. Jain
670 ## - SOURCE DATA FOUND
- Source citation: Work cat.: (NUST): V.K. Jain, Fire Safety In Buildings - 2nd edition, c2010
